| 000 | 00392cam a22001217a 4500 | ||
|---|---|---|---|
| 008 | 180718b1975 xxu||||| |||| 00| 0 eng d | ||
| 082 | _aB142 Un3o | ||
| 245 |
_aWomen and work: overseas practice _cby Department of Employment |
||
| 260 |
_aLondon _bHer Majesty's Stationery Office _c1975 |
||
| 300 | _a96p. | ||
| 440 | _aManpower Paper No. 12 | ||
| 700 | _aUnited Kingdom. Department of Employment | ||
| 999 |
_c488187 _d488187 |
||